| 000 | 00650nam a2200205Ia 4500 | ||
|---|---|---|---|
| 003 | IN-BaIIA | ||
| 008 | 211028s9999 xx 000 0 eng d | ||
| 020 | _a0-935702-68-7 | ||
| 040 | _cIIA Library | ||
| 080 |
_a(059)52 _bSEI |
||
| 245 | 0 |
_aExplanatory supplement to the astronomical almanac _cedited by P. K. Seidelmann |
|
| 260 |
_aCalifornia _bUniversity Science _c1992 |
||
| 300 | _axxxviii,752p. | ||
| 650 | _aAlmanacs | ||
| 650 |
_aAstronomy _980 |
||
| 650 | _aAstronomy and Astrophysics Thesaurus | ||
| 650 |
_aExplanatory supplement _919200 |
||
| 700 |
_aSeidelmann, P.K. ed. _919201 |
||
| 942 | _cBK | ||
| 999 |
_c11209 _d11209 |
||